000
00233nam a22000857a 4500
008
170603b xxu||||| |||| 00| 0 eng d
100
_9
3260
_a
Lewis. C. S
245
_a
A Preface to Paradise lost
260
_a
New Delhi
_b
Capital Creation
_c
1983
999
_c
6574
_d
6574